Lễ tục, lễ hội truyền thống xứ Thanh Quyển 1
Giới thiệu khái quát về lễ hội truyền thống xứ Thanh; lễ tục Pồn - Pôông (dân tộc Mường); lễ tục kiêng chiêng boóc mạy dân tộc Thái; lễ hội làng Xuân Phả; lễ hội làng Triềng...
Сохранить в:
| Главный автор: | |
|---|---|
| Другие авторы: | |
| Формат: | |
| Язык: | Undetermined |
| Опубликовано: |
H.
Văn hóa thông tin
2014
|
| Предметы: | |
| Online-ссылка: | http://lrc.tdmu.edu.vn/opac/search/detail.asp?aID=2&ID=21885 |
| Метки: |
Добавить метку
Нет меток, Требуется 1-ая метка записи!
|
| Thư viện lưu trữ: | Trung tâm Học liệu Trường Đại học Thủ Dầu Một |
|---|
| LEADER | 01142nam a2200229Ia 4500 | ||
|---|---|---|---|
| 001 | TDMU_21885 | ||
| 008 | 210410s9999 xx 000 0 und d | ||
| 082 | |a 394.26959741 | ||
| 090 | |b H407 | ||
| 100 | |a Hoàng, Anh Nhân | ||
| 245 | 0 | |a Lễ tục, lễ hội truyền thống xứ Thanh | |
| 245 | 0 | |c Hoàng, Anh Nhân, Lê Huy Trâm | |
| 245 | 0 | |n Quyển 1 | |
| 260 | |a H. | ||
| 260 | |b Văn hóa thông tin | ||
| 260 | |c 2014 | ||
| 300 | |a 459 tr. | ||
| 520 | |a Giới thiệu khái quát về lễ hội truyền thống xứ Thanh; lễ tục Pồn - Pôông (dân tộc Mường); lễ tục kiêng chiêng boóc mạy dân tộc Thái; lễ hội làng Xuân Phả; lễ hội làng Triềng... | ||
| 650 | |a Văn hóa dân gian |x Lễ hội |z Thanh Hóa (Việt Nam); Thanh Hóa (Việt Nam) |x Văn hóa |x Lễ hội; Lễ hội |x Thanh Hóa (Việt Nam) | ||
| 700 | |a Lê, Huy Trâm | ||
| 856 | |u http://lrc.tdmu.edu.vn/opac/search/detail.asp?aID=2&ID=21885 | ||
| 980 | |a Trung tâm Học liệu Trường Đại học Thủ Dầu Một | ||